Organizace práce v moderním podniku /
Salvato in:
| Autore principale: | |
|---|---|
| Natura: | Libro |
| Lingua: | ceco |
| Pubblicazione: |
Praha :
Práce,
1988
|
| Edizione: | 1.vyd. |
| Soggetti: | |
| Tags: |
Nessun Tag, puoi essere il primo ad aggiungerne!!
|
MARC
| LEADER | 00000nam a22000003a 4500 | ||
|---|---|---|---|
| 001 | stu36066 | ||
| 005 | 20150617225727.5 | ||
| 008 | 920520s1988----cs------------------cze-d | ||
| 040 | |a STU |b slo | ||
| 041 | 0 | |a cze | |
| 044 | |a cs | ||
| 080 | |a 65.01 |7 stu_us_auth*stu8370 | ||
| 100 | 1 | |a Filka, Miloslav |4 aut | |
| 245 | 1 | |a Organizace práce v moderním podniku / |c [aut.]Miloslav Filka | |
| 250 | |a 1.vyd. | ||
| 260 | |a Praha : |b Práce, |c 1988 | ||
| 300 | |a 164 s | ||
| 650 | 7 | |a práca |2 stusub | |
| 650 | 7 | |a organizácia |2 stusub | |
| 996 | |b 284M002859 |c M*4587-1 |l MMKN |s A |a 24 |w stu36066_0001 | ||